000 01287nam1a2200289 4500
001 RU\NLR\BIBL_A\010505052
005 20260405072939.0
010 _a978-5-900758-77-0
_93000
035 _a(NLR Aleph) 010505052
090 _a10152541
_c10152541
100 _a20141013d2014 u y0rusy50 ca
101 0 _arus
102 _aRU
105 _a||||j|||00|yy
200 1 _aАнатомия человека
_eучебник для студентов, обучающихся на факультетах высшего сестринского образования медицинских вузов
_eв 2 т.
_fпод ред. акад. РАН, проф. М.Р. Сапина
205 _a7-е изд., испр.
210 _aМосква
_cШико
_d2014
215 _d22
300 _aНа обл. авт. не указаны
606 1 _aЧеловек
_jУчебники для высших учебных заведений
_xАнатомия
_92080069
_3RU\NLR\AUTH\661255980
686 1 _aЕ860я732Р-1
702 1 _4340
_8rus
_7ca
_aСапин
_bМ. Р.
_f1925-2015
_gМихаил Романович
_3RU\NLR\AUTH\7719900
_92970
852 _aNLR
_j2014-5/7223
942 _cBOOK
980 _aNB